Alchymie : kouzlo značky a podivuhodná věda úspěchu marketingových nápadů, které nedávají smysl /
Autor ukazuje, jak porozumět faktorům, které ovlivňují naše chování, jak vytvořit důvěru ve značku, co je signalizace, jak využít placebo efekt a proč aplikovat poznatky behaviorální psychologie v reklamě, marketingu i jiném byznysu.
Uloženo v:
| Hlavní autor: | |
|---|---|
| Další autoři: | |
| Médium: | E-kniha |
| Jazyk: | Czech |
| Vydáno: |
V Brně :
Jan Melvil Publishing,
2021
|
| Vydání: | Vydání první |
| Edice: | Žádná velká věda
|
| Témata: | |
| On-line přístup: | Plný text - pro registrované uživatele NK ČR |
| Tagy: |
Žádné tagy |
| LEADER | 02666nam a2200589 i 4500 | ||
|---|---|---|---|
| 001 | 311336 | ||
| 003 | CZ PrSKC | ||
| 005 | 20260601215703.0 | ||
| 007 | ta | ||
| 008 | 210527s2021 xr a e f 000 0 cze | ||
| 015 | |a cnb003325773 | ||
| 020 | |a 9788075551344 |q (vázáno) : |c Kč 499,00 | ||
| 035 | |a (OCoLC)1263257249 | ||
| 040 | |a BOA001 |b cze |e rda | ||
| 041 | 1 | |a cze |h eng | |
| 072 | 7 | |a 658 |x Řízení a správa podniku |2 Konspekt | |
| 080 | |a 658.8 |2 MRF | ||
| 080 | |a 659.1 |2 MRF | ||
| 080 | |a 366.1 |2 MRF | ||
| 080 | |a 658:17.024.4 |2 MRF | ||
| 080 | |a (0.062) |2 MRF | ||
| 100 | 1 | |a Sutherland, Rory, |d 1965- |7 hka20211116202 |4 aut | |
| 240 | 1 | 0 | |a Alchemy. |l Česky |
| 245 | 1 | 0 | |a Alchymie : |b kouzlo značky a podivuhodná věda úspěchu marketingových nápadů, které nedávají smysl / |c Rory Sutherland ; překlad Lenka Lichtenberg |
| 250 | |a Vydání první | ||
| 264 | 1 | |a V Brně : |b Jan Melvil Publishing, |c 2021 | |
| 300 | |a 400 stran : |b ilustrace ; |c 21 cm | ||
| 336 | |a text |b txt |2 rdacontent | ||
| 337 | |a bez média |b n |2 rdamedia | ||
| 338 | |a svazek |b nc |2 rdacarrier | ||
| 490 | 1 | |a Žádná velká věda | |
| 500 | |a Přeloženo z angličtiny | ||
| 504 | |a Obsahuje bibliografické odkazy | ||
| 520 | 2 | |a Autor ukazuje, jak porozumět faktorům, které ovlivňují naše chování, jak vytvořit důvěru ve značku, co je signalizace, jak využít placebo efekt a proč aplikovat poznatky behaviorální psychologie v reklamě, marketingu i jiném byznysu. | |
| 650 | 0 | 7 | |a marketing |7 ph115227 |2 czenas |
| 650 | 0 | 7 | |a reklama a propagace |7 ph116035 |2 czenas |
| 650 | 0 | 7 | |a spotřebitelské chování |7 ph125966 |2 czenas |
| 650 | 0 | 7 | |a úspěch v podnikání |7 ph286292 |2 czenas |
| 650 | 0 | 9 | |a marketing |2 eczenas |
| 650 | 0 | 9 | |a advertising |2 eczenas |
| 650 | 0 | 9 | |a consumer behavior |2 eczenas |
| 650 | 0 | 9 | |a success in business |2 eczenas |
| 655 | 7 | |a populárně-naučné publikace |7 fd131864 |2 czenas | |
| 655 | 9 | |a popular works |2 eczenas | |
| 700 | 1 | |a Lichtenberg, Lenka |7 xx0070926 |4 trl | |
| 830 | 0 | |a Žádná velká věda | |
| 856 | 4 | 1 | |u https://www.bookport.cz/AccountSaml/SignIn/?idp=https%3A%2F%2Fshibboleth.nkp.cz%2Fidp%2Fshibboleth&returnUrl=/kniha/alchymie-7868/ |y Plný text - pro registrované uživatele NK ČR |4 N |
| 900 | |a ABA001 |b 20 | ||
| 044 | |a xr | ||
| 910 | |a RBIT002 | ||
| 998 | |d 318904 |a https://core.palmknihy.cz/api/books/318904/cover?qtahf3 |b https://core.palmknihy.cz/api/books/318904/cover/400?qtahf3 |c https://core.palmknihy.cz/api/books/318904/cover/50?qtahf3 |e |g 400 |i 9788075551344 |j https://core.palmknihy.cz/api/books/318904/preview.epub |l |q 49 |r 1 |s https://www.palmknihy.cz/kniha/318904 |t ebook |y 2021 |z 0 | ||
| 999 | |d 311334 | ||